| 000 | 005420000a22001810004500 | ||
|---|---|---|---|
| 003 | MACL | ||
| 005 | 20160611125018.0 | ||
| 008 | 160611b xxu||||| |||| 00| 0 eng d | ||
| 040 |
_aMACL _cMACL |
||
| 041 | _aHindi | ||
| 082 | _a808.831 | ||
| 100 |
_aराजकुमार _964205 |
||
| 245 |
_aझींगुरों का स्वर _cरामकुमार |
||
| 260 |
_bसातवाहन _c1983 _aनई दिल्ली |
||
| 350 | _a35 | ||
| 650 |
_acollected Literature _964206 |
||
| 942 |
_cHIN _k808.831 _2ddc |
||
| 999 |
_c39568 _d39568 |
||